000 00388nam a22001217a 4500
003 SGT
082 _a320
_bC23K
100 _aकेडिया, कुसुमलता प्रभात
245 _aकम्युनिस्ट चीन :अवैध अस्तित्व
260 _bप्रभात पेपरबैक्स
_c2023
300 _a190
942 _2ddc
_cBK
999 _c32069
_d32069